Normal view
MARC view
- Akhtar Nawaz Malik.
Entry Personal Name
001 - CONTROL NUMBER
- control field: 16067
003 - CONTROL NUMBER IDENTIFIER
- control field: NUST
005 - DATE AND TIME OF LATEST TRANSACTION
- control field: 20190630131623.0
008 - FIXED-LENGTH DATA ELEMENTS
- fixed length control field: 190630|| aca||aabn | a|a d
040 ## - CATALOGING SOURCE
- Original cataloging agency: NUST
- Transcribing agency: NUST
100 ## - HEADING--PERSONAL NAME
- Personal name: Akhtar Nawaz Malik.
670 ## - SOURCE DATA FOUND
- Source citation: Work cat.: (NUST): Ahmed, Ameer 16066, The Impact of Career Self Management on Employees Organizational Commitment in the Banking Sector of Pakistan /, 2013.
